| 000 | 01886 a2200289 4500 | ||
|---|---|---|---|
| 005 | 20090314112010.0 | ||
| 010 | _aB-274659-662 B-447110 | ||
| 020 |
_c399.00 _a014303166X |
||
| 020 |
_c399.00 _a9780143031666 |
||
| 035 | _aB-274659-662 B-447110 | ||
| 037 | _bUBH | ||
| 037 | _bK.K.Pub/Ven | ||
| 082 | _a954.7 | ||
| 245 |
_aCity of sin and splendour: _cedited by Bapsi Sidhwa _bwritings on Lahore / |
||
| 260 |
_aLondon _bPenguin Books India _c2006 |
||
| 270 |
_bNew Delhi _c Delhi _a11, Community Centre, Panchsheel Park, New Delhi _e110017 |
||
| 300 |
_axvii, 373p _c22cm(pbk) |
||
| 700 |
_aSidhwa, Bapsi _944657 |
||
| 942 |
_adpl _cEN _2ddc _h954.7 _mCIT |
||
| 999 |
_c25226 _d25226 |
||